Review of Agricultural and Applied Economics
Guardado en:
| Formato: | Seriadas |
|---|---|
| Lenguaje: | inglés |
| Publicado: |
Nitra
Slovenská poľnohospodárska univerzita v Nitre
2019
|
| Etiquetas: |
Sin Etiquetas, Sea el primero en etiquetar este registro!
|
MARC
| LEADER | 00000nas2a2200000 4500 | ||
|---|---|---|---|
| 001 | 0262297 | ||
| 005 | 20200212081710.1 | ||
| 022 | |a 1336-9261 | ||
| 041 | 0 | |a eng | |
| 044 | |a SK | ||
| 245 | 1 | 0 | |a Review of Agricultural and Applied Economics |
| 264 | 1 | |a Nitra |b Slovenská poľnohospodárska univerzita v Nitre |c 2019 | |
| 773 | 0 | |w eu_un_cat*0205455 | |